What's best next : (Record no. 9601)

MARC details
000 -LEADER
fixed length control field 01480cam a22003977i 4500
001 - CONTROL NUMBER
control field 19725804
003 - CONTROL NUMBER IDENTIFIER
control field GBCCL
005 - DATE AND TIME OF LATEST TRANSACTION
control field 20241126110715.0
008 - FIXED-LENGTH DATA ELEMENTS--GENERAL INFORMATION
fixed length control field 170617s2016 miua b 000 0 eng d
010 ## -
-- 2017655041
020 ## - INTERNATIONAL STANDARD BOOK NUMBER
International Standard Book Number 9780310533986
020 ## - INTERNATIONAL STANDARD BOOK NUMBER
International Standard Book Number 0310533988
020 ## - INTERNATIONAL STANDARD BOOK NUMBER
Canceled/invalid ISBN 9780310494232
Qualifying information e-book
035 ## - SYSTEM CONTROL NUMBER
System control number (OCoLC)ocn962851428
040 ## - CATALOGING SOURCE
Original cataloging agency PNX
Language of cataloging eng
Transcribing agency PNX
Description conventions rda
Modifying agency OCLCO
-- OCLCQ
-- OCLCF
-- TLC
-- DLC
042 ## -
-- lccopycat
050 00 -
-- BT738.5
-- .P48 2013
082 04 - DEWEY DECIMAL CLASSIFICATION NUMBER
Classification number 248.4
Edition information 23
Item number PER
100 1# - MAIN ENTRY--PERSONAL NAME
Personal name Perman, Matt,
Dates associated with a name 1976-
Relator term author.
9 (RLIN) 16679
245 10 - TITLE STATEMENT
Title What's best next :
Remainder of title how the gospel transforms the way you get things done /
Statement of responsibility, etc. Matt Perman.
246 3# -
-- What is best next
250 ## - EDITION STATEMENT
Edition statement Expanded edition.
264 #1 - PRODUCTION, PUBLICATION, DISTRIBUTION, MANUFACTURE, AND COPYRIGHT NOTICE
Place of production, publication, distribution, manufacture Grand Rapids, Michigan :
Name of producer, publisher, distributor, manufacturer Zondervan,
Date of production, publication, distribution, manufacture, or copyright notice [2016]
300 ## - PHYSICAL DESCRIPTION
Extent 374 pages :
Other physical details illustrations ;
Dimensions 24 cm
336 ## - CONTENT TYPE
Content type term text
Content type code txt
Source rdacontent
337 ## - MEDIA TYPE
Media type term unmediated
Media type code n
Source rdamedia
338 ## - CARRIER TYPE
Carrier type term volume
Carrier type code nc
Source rdacarrier
504 ## - BIBLIOGRAPHY, ETC. NOTE
Bibliography, etc. note Includes bibliographical references (pages 355-358).
650 #0 - SUBJECT ADDED ENTRY--TOPICAL TERM
Topical term or geographic name entry element Work
General subdivision Religious aspects
-- Christianity.
9 (RLIN) 565
650 #0 - SUBJECT ADDED ENTRY--TOPICAL TERM
Topical term or geographic name entry element Labor productivity.
9 (RLIN) 16680
650 #7 - SUBJECT ADDED ENTRY--TOPICAL TERM
Topical term or geographic name entry element Labor productivity.
Source of heading or term fast
Authority record control number or standard number (OCoLC)fst00990137
9 (RLIN) 16680
650 #7 - SUBJECT ADDED ENTRY--TOPICAL TERM
Topical term or geographic name entry element Work
General subdivision Religious aspects
-- Christianity.
Source of heading or term fast
Authority record control number or standard number (OCoLC)fst01180214
9 (RLIN) 565
906 ## - LOCAL DATA ELEMENT F, LDF (RLIN)
a 7
b cbc
c copycat
d 2
e ncip
f 20
g y-gencatlg
942 ## - ADDED ENTRY ELEMENTS (KOHA)
Source of classification or shelving scheme Dewey Decimal Classification
Koha item type Books
Koha issues (borrowed), all copies 2
Holdings
Withdrawn status Lost status Source of classification or shelving scheme Damaged status Not for loan Home library Current Library Shelving location Date acquired Total checkouts Full call number Barcode Date last seen Date last checked out Copy number Price effective from Koha item type
    Dewey Decimal Classification     GRACE BIBLE COLLEGE GRACE BIBLE COLLEGE Ministry & Mission 2023-03-23 2 248.4 PER 016131 2025-05-01 2024-02-23 c.1 2023-03-23 Books
© Grace Bible College Library 2025